Estudio de prefactibilidad para la creación de una empresa productora de harina de arroz en la ciudad de Estelí, en el periodo de 2017 al 2022
Presenta un estudio de prefactibilidad para la creación de una empresa productora de harina de arroz en la ciudad de Estelí se obtuvo datos de la demanda mediante la realización de un estudio de mercado asi como la definición de los recueros materiales, tecnológicos, humanos mediante la elabora...
| Main Authors: | , , |
|---|---|
| Other Authors: | |
| Format: | Tesis Section = Libro |
| Language: | Undetermined Spanish |
| Published: |
Managua
UNI/RUACS
2017
|
| Subjects: |
| LEADER | 01385nam a2200301Ia 4500 | ||
|---|---|---|---|
| 008 | 240830s9999 xx 000 0 und d | ||
| 040 | |a BIBLIOTECA-RUPAP Mon 658.11 I29 | ||
| 041 | |a spa | ||
| 082 | |a Mon 658.11 I29 | ||
| 100 | 1 | |a Illescas Espinoza, María José | |
| 100 | 1 | |b Gutiérrez Altamirano, Julio Cesar | |
| 100 | 1 | |c Illescas Espinoza, María Auxiliadora | |
| 245 | 1 | 0 | |a Estudio de prefactibilidad para la creación de una empresa productora de harina de arroz en la ciudad de Estelí, en el periodo de 2017 al 2022 |
| 260 | |a Managua |b UNI/RUACS |c 2017 | ||
| 300 | |a 173 p. :il. | ||
| 500 | |a Contiene anexos y CD | ||
| 502 | |a Tesis (Ingeniero Industrial)- UNI, 2017. | ||
| 520 | 3 | |a Presenta un estudio de prefactibilidad para la creación de una empresa productora de harina de arroz en la ciudad de Estelí se obtuvo datos de la demanda mediante la realización de un estudio de mercado asi como la definición de los recueros materiales, tecnológicos, humanos mediante la elaboración de un estudio técnico. | |
| 650 | 7 | |a NUEVAS EMPRESAS | |
| 650 | 7 | |b ESTUDIO DE FACTIBILIDAD | |
| 650 | 7 | |c HARINA DE ARROZ - PRODUCCION Y COMERCIALIZACION | |
| 650 | 7 | |d ESTUDIO DE MERCADO | |
| 650 | 7 | |e ESTUDIO FINANCIERO | |
| 650 | 7 | |f ANALISIS AMBIENTAL | |
| 700 | 1 | |a Tutor: |b Navarro Zeledón, Mauricio Ramón | |
| 942 | |c BK |2 ddc | ||
| 991 | |a TESIS | ||
| 999 | |c 16930 | ||